Repositioning Asia : From bubble to sustainable economy

Bibliographic Details
Main Author: KOTLER
Other Authors: Kartajaya 1947-
Format: Book
Published: Singapore : J. Wiley , 2000
Subjects:

MARC

LEADER 00000cam a2200000 7i4500
001 0000001122
005 20140105.0
020 0 0 |a 0471846651 
090 0 0 |a 338.95   |b KOT 2000 
100 1 0 |a KOTLER   |h Philip 
245 1 0 |a Repositioning Asia :   |b From bubble to sustainable economy   |c Philip Kotler, Hermawan Kartajaya 
260 0 0 |a Singapore :   |b J. Wiley ,   |c 2000 
300 |a xv, 226 p. :   |b ill. ;   |c 24 cm. 
500 0 0 |a Includes index 
650 0 0 |a Industrial management   |z Asia 
651 0 0 |a Asia   |x Economic conditions   |y 1945- 
651 0 0 |a Asia   |x Economic policy   |x Decision making 
700 0 1 |a Kartajaya   |h Hermawan ,   |c 1947- 
998 |a JPSM 
999 |a 0000002043   |b Monograph   |c Open Shelf   |e Default branch